000 003730000a22001690004500
003 LK-CoMWRAF
008 230817t ||||| |||| 00| 0 eng d
020 _a
040 _aLK-CoMWRAF
_dLK-CoMWRAF
_eLK-CoMWRAF
041 _aeng
082 _a460
_bMAN
245 _aManidha Urimaikal
_b
260 _aNew York
_bUN
_c1993
300 _ap.75
650 _aTamil
942 _cBK
999 _c457
_d457